[Event "Heusenstamm Schloss op"]
[Site "Heusenstamm"]
[Date "2023.11.24"]
[Round "3"]
[White "Pfarr, Michael"]
[Black "Roedel, Jannis"]
[Result "1-0"]
[WhiteElo "2039"]
[BlackElo "1773"]
[PlyCount "75"]
[EventDate "2023.11.23"]
[EventType "swiss"]
[EventRounds "7"]
[EventCountry "GER"]
[SourceTitle "CB50_2023"]
[SourceDate "2023.12.13"]
[SourceVersion "1"]
[SourceVersionDate "2023.12.13"]
[SourceQuality "1"]

1. e4 e5 2. Nf3 Nc6 3. Bc4 Bc5 4. c3 Nf6 5. d3 d6 6. a4 a6 7. Bg5 h6 8. Bh4 g5 9. Bg3 Bg4 10. Nbd2 Qd7 11. b4 Ba7 12. Qb3 0-0-0 13. a5 d5 14. exd5 Bxf3 15. Nxf3 Nxd5 16. b5 axb5 17. Bxb5 Nf4 18. Bxf4 exf4 19. 0-0 Qd6 20. d4 g4 21. Bxc6 Qxc6 22. Ne5 Qd5 23. Qxd5 Rxd5 24. Nxg4 Rg5 25. Ne5 Rhg8 26. g3 c5 27. a6 bxa6 28. Rxa6 Kb7 29. Rf6 cxd4 30. Rxf7+ Kc8 31. Rxa7 fxg3 32. fxg3 Kb8 33. Nc6+ Kc8 34. Rb1 Rxg3+ 35. hxg3 Rxg3+ 36. Kh2 Rh3+ 37. Kxh3 dxc3 38. Rb8# 1-0

[Event "Marburg op-A"]
[Site "Marburg"]
[Date "2023.10.27"]
[Round "3"]
[White "Kowalski, Holger"]
[Black "Roedel, Jannis"]
[Result "0-1"]
[WhiteElo "1784"]
[BlackElo "1649"]
[PlyCount "89"]
[EventDate "2023.10.26"]
[EventType "swiss"]
[EventRounds "7"]
[EventCountry "GER"]
[SourceTitle "CB49_2023"]
[SourceDate "2023.12.06"]
[SourceVersion "1"]
[SourceVersionDate "2023.12.06"]
[SourceQuality "1"]

1. d4 Nf6 2. c4 g6 3. g3 Bg7 4. Bg2 0-0 5. Nc3 d6 6. Nf3 c5 7. 0-0 Qc7 8. d5 Nbd7 9. Re1 a6 10. a4 e6 11. dxe6 fxe6 12. Ng5 Ne5 13. Qb3 Nc6 14. Bd2 Ng4 15. Nf3 Qf7 16. Rf1 Nge5 17. Nxe5 Bxe5 18. Bxc6 bxc6 19. Bh6 Rd8 20. Bg5 Rd7 21. Qc2 d5 22. Rad1 Bg7 23. a5 h6 24. Bc1 Rd8 25. Na4 e5 26. cxd5 cxd5 27. Qxc5 Bh3 28. Rfe1 Rac8 29. Qb6 Rf8 30. f3 e4 31. f4 g5 32. Qb3 Rcd8 33. Nc5 Qf5 34. Qb6 d4 35. Qb7 Qxc5 36. b4 Qd5 37. Qxd5+ Rxd5 38. Bd2 Bg4 39. Rb1 e3 40. Bc1 gxf4 41. gxf4 Rxf4 42. Rf1 Rxf1+ 43. Kxf1 Bh3+ 44. Kg1 Rg5+ 45. Kh1 0-1